00679nam a2200241 a 4500001001300000003000900013005001700022008004100039020001000080082001300090100001800103245005300121260005700174300000800231500003500239505001300274650001000287700001800297902000800315942000700323952009200330999001500422nice12345678IN_TiNIC20260116011500.0050524s1938 newa grs 000 0 iwg  ac10000a160bEFR aEfros, Israel aMaimonides Treatise on Logic. English and Hebrew aNew YorkbAmerican Academy for Jewish Researchc1938 a65p aincludes index and biblioraphy2 aarchives aLogic1 aEfros, Israel bSRS cPS 00104070aHMIbHMId2007-07-31g100.00l0o160 EFRp1618r2007-07-31w2026-01-16yEB c1935d1935